Statistics for Countries by Half-and-Half Images

Click here to take the quiz!

General Stats

  • This quiz has been taken 2,186 times
  • The average score is 20 of 24

Answer Stats

Country% Correct
France
99%
Japan
99%
United States
99%
Brazil
97%
China
97%
Italy
97%
North Korea
97%
South Korea
97%
India
96%
Russia
96%
United Kingdom
93%
South Africa
92%
Cuba
87%
Australia
86%
Madagascar
84%
Netherlands
82%
New Zealand
81%
North Macedonia
81%
Spain
74%
Mexico
69%
Ecuador
62%
Belize
57%
Kiribati
57%
Burundi
55%

Score Distribution

Percentile by Number Answered

Percent of People with Each Score

Your Score History

You have not taken this quiz